000
00288nam a2200121Ia 4500
008
190216s9999||||xx |||||||||||||| ||und||
100
_a
Chatergee .p.n
245
0
_a
Theory Of Equations
260
_b
Rajhans Prakash Mandir
_c
1967
300
_a
292p
650
_a
Mathematics
942
_c
BK
999
_c
30788
_d
30788